Building a digital home entertainment network : (Record no. 26180)

MARC details
000 -LEADER
fixed length control field 00895cam a22002535a 4500
001 - CONTROL NUMBER
control field 13674746
005 - DATE AND TIME OF LATEST TRANSACTION
control field 20180227111817.0
008 - FIXED-LENGTH DATA ELEMENTS--GENERAL INFORMATION
fixed length control field 040803t2006 inua frb 001 0 eng d
020 ## - INTERNATIONAL STANDARD BOOK NUMBER
International Standard Book Number 0789733188
020 ## - INTERNATIONAL STANDARD BOOK NUMBER
International Standard Book Number 9780789733184
040 ## - CATALOGING SOURCE
Original cataloging agency UKM
Transcribing agency UKM
Modifying agency BAKER
-- C#P
-- DLC
-- EG-ScBUE
Language of cataloging eng
082 04 - DEWEY DECIMAL CLASSIFICATION NUMBER
Edition number 22
Classification number 004.6
Item number ULI
100 1# - MAIN ENTRY--PERSONAL NAME
Personal name Ulick, Terry.
245 10 - TITLE STATEMENT
Title Building a digital home entertainment network :
Remainder of title multimedia in every room /
Statement of responsibility, etc Terry Ulick.
260 ## - PUBLICATION, DISTRIBUTION, ETC. (IMPRINT)
Place of publication, distribution, etc Indianapolis :
Name of publisher, distributor, etc Que,
Date of publication, distribution, etc c.2006.
300 ## - PHYSICAL DESCRIPTION
Extent xiv, 313 p. :
Other physical details ill. ;
Dimensions 23 cm.
504 ## - BIBLIOGRAPHY, ETC. NOTE
Bibliography, etc Includes bibliographical references and index.
650 #7 - SUBJECT ADDED ENTRY--TOPICAL TERM
Topical term or geographic name as entry element Home computer networks
Form subdivision Amateurs' manuals.
Source of heading or term BUEsh
650 #7 - SUBJECT ADDED ENTRY--TOPICAL TERM
Topical term or geographic name as entry element Multimedia systems
Form subdivision Amateurs' manuals.
Source of heading or term BUEsh
651 ## - SUBJECT ADDED ENTRY--GEOGRAPHIC NAME
Source of heading or term BUEsh
653 ## - INDEX TERM--UNCONTROLLED
Resource For college Generalities
-- Informatics and Computer Science
Arrived date list February2018
856 41 - ELECTRONIC LOCATION AND ACCESS
Materials specified Table of contents
Uniform Resource Identifier <a href="http://www.loc.gov/catdir/toc/fy0607/2004111340.html">http://www.loc.gov/catdir/toc/fy0607/2004111340.html</a>
942 ## - ADDED ENTRY ELEMENTS (KOHA)
Source of classification or shelving scheme Dewey Decimal Classification
Holdings
Withdrawn status Item status Source of classification or shelving scheme Damaged status Not for loan Home library Current library Shelving location Date acquired Total Checkouts Full call number Barcode Date last seen Koha item type
    Dewey Decimal Classification     Central Library Central Library Lower Floor 27/02/2018   004.6 ULI 000047292 15/07/2025 Book - Borrowing